| 000 | 00664nam a22002057a 4500 | ||
|---|---|---|---|
| 999 |
_c11825 _d11825 |
||
| 003 | AR-CdUCM | ||
| 008 | 190405b ||||| |||| 00| 0 spa d | ||
| 040 |
_aMUNICIPALIDAD PROVINCIAL DEL CUSCO _cBIBLIOTECA MUNICIPAL DEL CUSCO |
||
| 082 |
_a869.56 / _bZ48 / 1938 |
||
| 100 |
_aZavalmont Eroeta, S. _929384 |
||
| 245 |
_aNidos del cóndor de acero : _bPias, Suyo-Pampa / _aLa tierra del Oro : _bPataz, Tayabamba / |
||
| 260 |
_aTrujillo : _c1938. |
||
| 300 |
_a146 páginas ; _c22 cm. |
||
| 505 | _aContenido: Poemas. | ||
| 650 |
_aLiteratura Peruana _9132 |
||
| 650 |
_aSiglo XX _98 |
||
| 650 |
_aPoemas _9929 |
||
| 942 |
_2ddc _cLIBROS |
||
| 945 |
_aachl _d2019-04-05 |
||